Organizational behavior : readings and exercises
Αποθηκεύτηκε σε:
| Κύριος συγγραφέας: | |
|---|---|
| Άλλοι συγγραφείς: | |
| Μορφή: | Βιβλίο |
| Γλώσσα: | English |
| Δημοσίευση: |
New York :
McGraw-Hill,
c1981
|
| Έκδοση: | 6th ed. |
| Σειρά: | McGraw-Hill series in management
|
| Θέματα: | |
| Ετικέτες: |
Προσθήκη ετικέτας
Δεν υπάρχουν, Καταχωρήστε ετικέτα πρώτοι!
|
MARC
| LEADER | 00000cam a2200000 i 4500 | ||
|---|---|---|---|
| 001 | 1/48672 | ||
| 008 | 960315s1981 eng d | ||
| 020 | |a 0070155003 |c $11.50 (est.) | ||
| 035 | |l 10026710 | ||
| 040 | |a GR-MY-UA |b gre |e aacr | ||
| 041 | 0 | |a eng | |
| 082 | 0 | |a 658.3 |2 (19) | |
| 100 | 1 | |a Davis, Keith |d 1918- | |
| 245 | 1 | 0 | |a Organizational behavior : |b readings and exercises / |c [compiled by] Keith Davis, John W. Newstrom |
| 250 | |a 6th ed. | ||
| 260 | |a New York : |b McGraw-Hill, |c c1981 | ||
| 300 | |a xvi, 448 σ.; |b εικ.; |c 24 εκ. | ||
| 490 | 1 | |a McGraw-Hill series in management | |
| 504 | |a Περιλαμβάνει βιβλιογραφικές παραπομπές και ευρετήριο | ||
| 650 | 0 | 0 | |a Organizational behavior. |
| 650 | 0 | 0 | |a Personnel management. |
| 650 | 0 | 0 | |a Industrial sociology. |
| 700 | 1 | |a Newstrom, John W. | |
| 852 | |a INST |b CHIOS |e 19960315 |h 658.3 DAV |p 005200004481 |q 005200004481 |t BK |y 0 | ||
| 909 | |a Χ |b 000038 | ||